000 00569nam a2200217Ia 4500
008 101110s9999 xx 000 0 und d
041 _aENGLISH
082 _bSR33479
100 _aChopde L.N., Choudhari D.H. & etc.
245 _aFinancial accounting Vol. I TYBCom
260 _c2009
_bSheth publishers, Mumbai
300 _a914
365 _b405
520 _aCommerce
546 _aENGLISH
630 _aFinancial accounting Vol. I TYBCom
650 _aCommerce
655 _aCommerce
730 _aFinancial accounting Vol. I TYBCom
942 _cBOOK
999 _c825980
_d825977